[Event "OHS 2015"]
[Site "?"]
[Date "2015.03.09"]
[Round "6.21"]
[White "Rochol, Jürgen"]
[Black "Deutschmann, Jürgen"]
[Result "0-1"]
[WhiteElo "1287"]
[BlackElo "1681"]
[PlyCount "116"]
[EventDate "2015.??.??"]
[WhiteTeam "SV Zeppelin e.V."]
[BlackTeam "SV Hattingen"]

1. e4 c6 2. d4 d5 3. Nc3 dxe4 4. Nxe4 Nd7 5. Bc4 Ngf6 6. Qf3 e6 7. Bg5 Qb6 8.
O-O-O Nxe4 9. Qxe4 Be7 10. Bxe7 Kxe7 11. d5 cxd5 12. Bxd5 Nf6 13. Qe1 Rd8 14.
c4 Kf8 15. Bf3 Bd7 16. Ne2 Rac8 17. Qc3 Qc7 18. b3 b5 19. Kb2 bxc4 20. b4 Qb6
21. Nf4 a5 22. a3 axb4 23. axb4 Qxf2+ 24. Rd2 Qb6 25. Rhd1 Bb5 26. Nh5 Nxh5 27.
Bxh5 Rxd2+ 28. Rxd2 Rd8 29. Bf3 Rxd2+ 30. Qxd2 Qc7 31. Kc3 Qe5+ 32. Qd4 Qe1+
33. Kb2 Qxb4+ 34. Kc1 Qa3+ 35. Qb2 Qxb2+ 36. Kxb2 Ke7 37. Kc3 Kd6 38. Kb4 Bc6
39. Be2 Bxg2 40. Bxc4 Ke5 41. Kc3 Be4 42. Bb5 f5 43. Kd2 Kf4 44. Ke2 Bg2 45.
Kf2 Bh3 46. Bc6 h5 47. Be8 h4 48. Bg6 e5 49. Kg1 Kf3 50. Bf7 g5 51. Be6 e4 52.
Bd7 e3 53. Bc6+ Ke2 54. Bb7 f4 55. Ba6+ Ke1 56. Bb5 e2 57. Bc6 g4 58. Bd7 f3
0-1

[Event "OHS 2015"]
[Site "?"]
[Date "2015.03.16"]
[Round "7.1"]
[White "Kiese, Matthias"]
[Black "Hahn, Matthias"]
[Result "1/2-1/2"]
[WhiteElo "2223"]
[BlackElo "2044"]
[PlyCount "22"]
[EventDate "2015.??.??"]
[WhiteTeam "Bochumer Schachverein 02"]
[BlackTeam "SV Bochum-Linden-Dahlh"]

1. d4 d5 2. Nf3 e6 3. c4 c6 4. cxd5 exd5 5. Nc3 Bf5 6. Bf4 Bd6 7. Bxd6 Qxd6 8.
e3 Nf6 9. Bd3 Bxd3 10. Qxd3 Nbd7 11. O-O O-O 1/2-1/2

[Event "OHS 2015"]
[Site "?"]
[Date "2015.03.16"]
[Round "7.2"]
[White "Winterkamp, Sascha"]
[Black "Graw, Christopher"]
[Result "0-1"]
[WhiteElo "2015"]
[BlackElo "2218"]
[PlyCount "84"]
[EventDate "2015.??.??"]
[WhiteTeam "SV Unser Fritz Wanne-Eickel 1955"]
[BlackTeam "SK Herne Sodingen 1924"]

1. d4 d5 2. Nf3 Nf6 3. c3 g6 4. h3 Bg7 5. Bf4 O-O 6. Nbd2 b6 7. e3 Bb7 8. Bd3
Nbd7 9. Qe2 Ne4 10. a4 c5 11. O-O Re8 12. Rfd1 Nxd2 13. Rxd2 e6 14. Bh2 a6 15.
e4 cxd4 16. cxd4 dxe4 17. Bxe4 Bxe4 18. Qxe4 Nf6 19. Qd3 Qd5 20. Re1 Rec8 21.
Rc2 Qb7 22. Rce2 b5 23. a5 Rd8 24. Be5 Rac8 25. Ng5 Qd5 26. Qe3 h6 27. Nf3 Nd7
28. Qf4 Rc4 29. Qh4 Nxe5 30. Rxe5 Qd6 31. R5e4 Rb4 32. R4e2 Rc8 33. g4 Rb3 34.
Ne5 Qxd4 35. Nxf7 Kxf7 36. Rxe6 Rf3 37. R6e4 Qf6 38. Re7+ Kg8 39. Qxf6 Rxf6 40.
Ra7 Bf8 41. Re2 Bc5 42. Rd7 Rcf8 0-1

[Event "OHS 2015"]
[Site "?"]
[Date "2015.03.16"]
[Round "7.3"]
[White "Löffelbein, Klaus"]
[Black "Melmer, Felix"]
[Result "1-0"]
[WhiteElo "2002"]
[BlackElo "2001"]
[PlyCount "59"]
[EventDate "2015.??.??"]
[WhiteTeam "SC Gerthe 46 - Werne"]
[BlackTeam "SC Gerthe 46-Werne"]

1. d4 f5 2. g3 Nf6 3. Nf3 g6 4. Bg2 Bg7 5. O-O d6 6. b3 O-O 7. Bb2 Qe8 8. c4
Na6 9. Nbd2 c6 10. Rc1 Nh5 11. Ba3 f4 12. e4 fxe3 13. fxe3 Qd8 14. Qc2 Bg4 15.
e4 Qb6 16. c5 dxc5 17. dxc5 Qc7 18. Qc4+ Kh8 19. Ng5 Bf6 20. Ndf3 Qa5 21. Qa4
Qc7 22. Rce1 h6 23. e5 Bxg5 24. Qxg4 Qa5 25. Nxg5 Qxa3 26. Nf7+ Kh7 27. Be4
Qxc5+ 28. Kh1 Nxg3+ 29. Qxg3 Rg8 30. Qh4 1-0

[Event "OHS 2015"]
[Site "?"]
[Date "2015.03.16"]
[Round "7.4"]
[White "Boost, Jürgen"]
[Black "Barth, Hans-Joachim"]
[Result "1-0"]
[WhiteElo "1849"]
[BlackElo "1881"]
[PlyCount "77"]
[EventDate "2015.??.??"]
[WhiteTeam "SC Gerthe 46-Werne"]
[BlackTeam "SC Dolce Vita 93"]

1. e4 c5 2. Nf3 e6 3. d4 cxd4 4. Nxd4 a6 5. Nc3 Qc7 6. Bd3 Nf6 7. O-O Be7 8.
Qe2 d6 9. a4 O-O 10. h3 Nc6 11. Nxc6 bxc6 12. Rb1 a5 13. f4 Nd7 14. Be3 f5 15.
exf5 exf5 16. Bc4+ Kh8 17. Bd3 Bb7 18. g4 fxg4 19. hxg4 Rfe8 20. Qh2 Nf8 21.
Rf3 Bd8 22. Rh3 g6 23. Bd4+ Kg8 24. f5 d5 25. fxg6 Qxh2+ 26. Rxh2 Re7 27. Rf1
Bc7 28. gxh7+ Nxh7 29. Bxh7+ Rxh7 30. Rxh7 Kxh7 31. Rf7+ Kg6 32. Rxc7 Ba6 33.
Rxc6+ Kg5 34. Rc5 Rf8 35. Rxd5+ Kxg4 36. Nb5 Rf4 37. Rd8 Kf3 38. Rd6 Rg4+ 39.
Kf1 1-0

[Event "OHS 2015"]
[Site "?"]
[Date "2015.03.16"]
[Round "7.5"]
[White "Wolff, Christoph"]
[Black "Eckert, Marius"]
[Result "1-0"]
[WhiteElo "2079"]
[BlackElo "1960"]
[PlyCount "70"]
[EventDate "2015.??.??"]
[WhiteTeam "SC Buer-Hassel Königsspringer"]
[BlackTeam "SV Waltrop 1922"]

1. e4 e5 2. Nc3 Nf6 3. g3 Bc5 4. Bg2 Nc6 5. Nge2 d6 6. O-O h5 7. h3 h4 8. g4
Nxg4 9. hxg4 Bxg4 10. Kh2 h3 11. Bh1 Qh4 12. f3 Be6 13. Qe1 Qxe1 14. Rxe1 Nb4
15. Rd1 Nxc2 16. Rb1 Nb4 17. d4 exd4 18. Nxd4 Bxd4 19. Rxd4 Nxa2 20. Nb5 Kd7
21. f4 a6 22. Nc3 c5 23. Rd3 Nb4 24. Rg3 g6 25. Bd2 Kc7 26. Ne2 Nc6 27. Rc1 b5
28. Bc3 Rh7 29. Bf6 c4 30. f5 gxf5 31. exf5 Bd7 32. Nf4 Kb7 33. Rd1 Bxf5 34.
Rxd6 Rc8 35. Ne2 Kb6 1-0

[Event "OHS 2015"]
[Site "?"]
[Date "2015.03.16"]
[Round "7.6"]
[White "Quast, Marcel"]
[Black "Funke, Eckhard"]
[Result "1-0"]
[WhiteElo "2201"]
[BlackElo "1930"]
[PlyCount "105"]
[EventDate "2015.??.??"]
[WhiteTeam "SC Gerthe 46-Werne"]
[BlackTeam "SG Höntrop 1947"]

1. e4 c5 2. d4 cxd4 3. c3 dxc3 4. Nxc3 e6 5. Nf3 Nc6 6. Bc4 a6 7. O-O Nge7 8.
Bg5 f6 9. Be3 Ng6 10. Bb3 b5 11. Nd5 Rb8 12. Rc1 Be7 13. Nxe7 Ngxe7 14. Qd6 Bb7
15. Rfd1 Kf7 16. Bf4 Rc8 17. Qxd7 Qxd7 18. Rxd7 Na5 19. Rcc7 Rxc7 20. Bxc7 Nac6
21. Rd6 Bc8 22. Ne1 Ne5 23. f4 Nc4 24. Bxc4 bxc4 25. Rd4 Bb7 26. Bd8 Bc6 27.
Bxe7 Kxe7 28. Rxc4 Kd6 29. Kf2 Rb8 30. b3 Bb5 31. Rd4+ Ke7 32. Nf3 Rc8 33. Rd2
Rc3 34. Nd4 Be8 35. Ne2 Rc7 36. Ke3 Bb5 37. Rb2 g5 38. fxg5 fxg5 39. Ng3 h6 40.
Kd4 Be8 41. Nf1 h5 42. Ne3 Rc1 43. Rc2 Re1 44. Rc3 Re2 45. a4 Rb2 46. Kc5 Bg6
47. Kd4 Be8 48. e5 Bg6 49. Rc7+ Kd8 50. Rg7 Be8 51. Rxg5 Rxb3 52. a5 Bb5 53.
Rxh5 1-0

[Event "OHS 2015"]
[Site "?"]
[Date "2015.03.16"]
[Round "7.7"]
[White "Sondermann, Dirk"]
[Black "Müller-Kreth, Kai"]
[Result "1-0"]
[WhiteElo "2080"]
[BlackElo "1758"]
[PlyCount "87"]
[EventDate "2015.??.??"]
[WhiteTeam "Sport Union Annen"]
[BlackTeam "SK Herne-Sodingen"]

1. d4 Nf6 2. Nf3 d5 3. c4 e6 4. Nc3 c5 5. cxd5 exd5 6. g3 Nc6 7. Bg2 Be6 8. O-O
h6 9. Bf4 a6 10. Rc1 Rc8 11. dxc5 Bxc5 12. Na4 Ba7 13. Ne5 Nh5 14. Nxc6 bxc6
15. Be5 Nf6 16. Bd4 Bxd4 17. Qxd4 O-O 18. Nc5 a5 19. Rfd1 Qe7 20. Rd3 Nd7 21.
Rdc3 Ra8 22. Nd3 Nb8 23. Ne5 Bd7 24. Nxd7 Qxd7 25. e3 Rd8 26. Ra3 Ra6 27. Bf1
Ra7 28. Ra4 Qc7 29. b4 Re8 30. Bg2 Qe7 31. Rxa5 Rxa5 32. bxa5 Qa3 33. Qc3 Qxa2
34. Ra1 Qe2 35. a6 Nxa6 36. Qxc6 Re6 37. Qa8+ Kh7 38. Bf1 Nc7 39. Bxe2 Nxa8 40.
Rxa8 Rd6 41. Bd3+ g6 42. Ra4 Kg7 43. Rd4 f5 44. Bc4 1-0

[Event "OHS 2015"]
[Site "?"]
[Date "2015.03.16"]
[Round "7.8"]
[White "Ribbeheger, Edgar"]
[Black "Gasper, Jörn"]
[Result "1/2-1/2"]
[WhiteElo "1998"]
[BlackElo "1637"]
[PlyCount "120"]
[EventDate "2015.??.??"]
[WhiteTeam "SK Herne-Sodingen 1924"]
[BlackTeam "SV Waltrop 1922"]

1. e4 e5 2. Nf3 Nc6 3. Bb5 Nf6 4. d3 Bc5 5. c3 O-O 6. O-O d6 7. h3 a6 8. Ba4
Ba7 9. Nbd2 Ne7 10. Re1 Ng6 11. Nf1 c6 12. Bc2 Re8 13. Bg5 h6 14. Be3 d5 15.
exd5 Bxe3 16. Nxe3 Nxd5 17. Nc4 Ndf4 18. Ncxe5 Nxe5 19. Nxe5 Qg5 20. Ng4 Rxe1+
21. Qxe1 Bxg4 22. hxg4 Qxg4 23. Qe4 f5 24. Qc4+ Kh8 25. g3 Nh3+ 26. Kg2 Qe2 27.
Kxh3 Qxc2 28. Kg2 Qxb2 29. Re1 Qb5 30. Re7 Qxc4 31. dxc4 Rd8 32. Rxb7 Rd2 33.
Rb6 Rxa2 34. Rxc6 Ra3 35. Kf3 Rxc3+ 36. Kf4 Kh7 37. Kxf5 a5 38. Ke4 a4 39. Kd4
Rc2 40. Ra6 Ra2 41. c5 a3 42. Kc3 Ra1 43. Kc2 a2 44. Kb2 Rf1 45. Rxa2 Rxf2+ 46.
Kb3 Rf3+ 47. Kc4 Rxg3 48. c6 Rf3 49. c7 Rf8 50. Kc5 g5 51. Rd2 Rc8 52. Kc6 Kg6
53. Kb7 Rxc7+ 54. Kxc7 Kf5 55. Kd6 g4 56. Rf2+ Ke4 57. Rh2 g3 58. Rxh6 g2 59.
Rg6 Kf3 60. Rxg2 Kxg2 1/2-1/2

[Event "OHS 2015"]
[Site "?"]
[Date "2015.03.16"]
[Round "7.9"]
[White "Sikorski, Thomas"]
[Black "Schmidt, Ralph"]
[Result "1/2-1/2"]
[WhiteElo "1791"]
[BlackElo "1985"]
[PlyCount "81"]
[EventDate "2015.??.??"]
[WhiteTeam "Sportfreunde Katernberg 1913"]
[BlackTeam "SV Bochum-Linden-Dahlhausen 1922"]

1. c4 c5 2. Nf3 Nc6 3. d4 cxd4 4. Nxd4 e6 5. e4 a6 6. Be2 Qh4 7. Nxc6 dxc6 8.
Bf3 Bc5 9. O-O Ne7 10. Qe2 Ng6 11. g3 Qf6 12. Re1 Ne5 13. Nd2 h5 14. h3 Rh6 15.
Rf1 Qg5 16. Kh1 Qe7 17. Nb3 Rh7 18. Nxc5 Qxc5 19. b3 Nxf3 20. Qxf3 e5 21. Kg2
Qd4 22. Be3 Qd7 23. Rh1 b5 24. c5 Qe7 25. Rad1 Be6 26. Rd6 f5 27. exf5 e4 28.
Qf4 Bd5 29. Rd1 Qf7 30. Qe5+ Kf8 31. Qf4 Re8 32. Kh2 Re7 33. Rd8+ Re8 34. Qd6+
Kg8 35. Rxe8+ Qxe8 36. Bf4 e3 37. fxe3 Qe4 38. Qd8+ Kf7 39. Qd7+ Kg8 40. Qd8+
Kf7 41. Qc7+ 1/2-1/2

[Event "OHS 2015"]
[Site "?"]
[Date "2015.03.16"]
[Round "7.10"]
[White "Schumann, Burkhard"]
[Black "Rath, Michael"]
[Result "1/2-1/2"]
[WhiteElo "1627"]
[BlackElo "1815"]
[PlyCount "79"]
[EventDate "2015.??.??"]
[WhiteTeam "SC Gerthe 46-Werne"]
[BlackTeam "SV Königsspringer Haltern 1962"]

1. e4 e6 2. d4 b6 3. c4 Bb7 4. Bd3 Nf6 5. Nc3 Bb4 6. Bg5 h6 7. Bxf6 Qxf6 8. a3
Bxc3+ 9. bxc3 c5 10. Ne2 Nc6 11. e5 Qg5 12. Be4 f5 13. f4 Qh4+ 14. g3 Qh5 15.
Bg2 g5 16. d5 exd5 17. cxd5 Ne7 18. Qd3 O-O 19. h4 g4 20. c4 Qg6 21. O-O Qf7
22. Nc3 Rad8 23. Qc2 d6 24. exd6 Nc8 25. Nb5 Nxd6 26. Nxd6 Rxd6 27. a4 Qf6 28.
Qd2 Ba6 29. Rac1 Re8 30. Rfe1 Rdd8 31. Re3 Kf8 32. Rce1 Bxc4 33. Rxe8+ Rxe8 34.
Rxe8+ Kxe8 35. Qe3+ Kd7 36. Kh2 Kd6 37. Qe8 Bxd5 38. Qb8+ Ke6 39. Qe8+ Kd6 40.
Qb8+ 1/2-1/2

[Event "OHS 2015"]
[Site "?"]
[Date "2015.03.16"]
[Round "7.11"]
[White "Kempken, Reinhold"]
[Black "Wingerning, Gerd"]
[Result "1-0"]
[WhiteElo "1500"]
[BlackElo "1744"]
[PlyCount "90"]
[EventDate "2015.??.??"]
[WhiteTeam "vereinslos"]
[BlackTeam "SC Buer-Hassel Königsspringer"]

1. e4 d5 2. exd5 Qxd5 3. Nc3 Qa5 4. b4 Qxb4 5. Rb1 Qd6 6. Nf3 Nf6 7. Bc4 e6 8.
Nb5 Qd8 9. Rb3 a6 10. Rd3 Bd7 11. Nbd4 c5 12. Nxe6 fxe6 13. O-O Qc8 14. Re1 h6
15. Rde3 Nc6 16. Bxe6 Bxe6 17. Rxe6+ Be7 18. Bb2 Kf7 19. Qe2 Re8 20. Qc4 Kf8
21. Nh4 Na5 22. Ng6+ Kg8 23. Qc3 Nc6 24. Nxe7+ Rxe7 25. Rxe7 Nxe7 26. Rxe7 Qc6
27. Qc4+ Qd5 28. Rxg7+ Kf8 29. Qxd5 Nxd5 30. Rh7 Re8 31. Rh8+ Kf7 32. Rxe8 Kxe8
33. a3 b5 34. g4 Kf7 35. Kg2 Ke6 36. Kf3 b4 37. h4 a5 38. Ke4 Nb6 39. f4 Nc4
40. f5+ Kd6 41. Ba1 Nxa3 42. Be5+ Ke7 43. g5 hxg5 44. h5 Kf7 45. h6 Kg8 1-0

[Event "OHS 2015"]
[Site "?"]
[Date "2015.03.16"]
[Round "7.12"]
[White "Nagel, Frank"]
[Black "Korte, Markus"]
[Result "0-1"]
[WhiteElo "1738"]
[BlackElo "2163"]
[PlyCount "66"]
[EventDate "2015.??.??"]
[WhiteTeam "SV Waltrop 1922"]
[BlackTeam "Matt Inn Dortmund"]

1. d4 d5 2. c4 dxc4 3. Nc3 c6 4. e3 Nf6 5. Bxc4 e6 6. Nf3 b5 7. Bd3 Bb7 8. O-O
Nbd7 9. a3 Bd6 10. b4 O-O 11. Bb2 Qe7 12. e4 e5 13. d5 cxd5 14. exd5 a6 15. Re1
h6 16. Bc2 Rac8 17. Bb3 Nb6 18. Nd4 Qd7 19. Nde2 Nc4 20. Rb1 Rfe8 21. Bc2 e4
22. h3 Bb8 23. Bc1 e3 24. f3 Qd6 25. g3 Ne5 26. Kg2 Nxd5 27. Ne4 Qc6 28. Nd4
Qg6 29. Nc5 Nf4+ 30. Kh2 Qh5 31. gxf4 Nxf3+ 32. Nxf3 Bxf3 33. Qd3 Bxf4+ 0-1

[Event "OHS 2015"]
[Site "?"]
[Date "2015.03.16"]
[Round "7.13"]
[White "Hartmann, Thomas"]
[Black "Mittelbachert, Ulrich"]
[Result "1/2-1/2"]
[WhiteElo "1633"]
[BlackElo "1978"]
[PlyCount "24"]
[EventDate "2015.??.??"]
[WhiteTeam "SK Herne-Sodingen"]
[BlackTeam "SV Castrop-Rauxel1923"]

1. d4 g6 2. e4 Bg7 3. Nf3 c6 4. Nc3 d5 5. e5 Bg4 6. h3 Bxf3 7. Qxf3 e6 8. Bd3
Qb6 9. Qg4 Nd7 10. O-O a6 11. b3 h5 12. Qh4 Nh6 1/2-1/2

[Event "OHS 2015"]
[Site "?"]
[Date "2015.03.16"]
[Round "7.14"]
[White "Burosch, Raimund"]
[Black "Kleinert, Andreas"]
[Result "0-1"]
[WhiteElo "1424"]
[BlackElo "1862"]
[PlyCount "63"]
[EventDate "2015.??.??"]
[WhiteTeam "SV Unna 1924"]
[BlackTeam "Schachfreunde Gelsenkirchen 2002"]

1. e4 e6 2. d3 d5 3. Nd2 Nf6 4. Ngf3 b6 5. g3 dxe4 6. dxe4 Bb7 7. Qe2 Nc6 8. c3
Qd7 9. Bg2 O-O-O 10. O-O Qd3 11. Qxd3 Rxd3 12. e5 Ng4 13. Re1 Be7 14. h3 Nh6
15. Ne4 Rhd8 16. Bf4 Ng8 17. Bg5 h6 18. Bxe7 Ngxe7 19. Re2 Ng6 20. Ned2 Ngxe5
21. Nxe5 Nxe5 22. Bxb7+ Kxb7 23. Nb3 Nc4 24. Rae1 c5 25. Kg2 Kc6 26. f4 Rd1 27.
Kf1 Rxe1+ 28. Kxe1 Rd3 29. Kf2 Rd1 30. g4 Rh1 31. Kg2 Rb1 32. Nd2 0-1

[Event "OHS 2015"]
[Site "?"]
[Date "2015.03.16"]
[Round "7.15"]
[White "Demond, Ricardo"]
[Black "Krolik, Wilfried"]
[Result "1-0"]
[WhiteElo "1739"]
[BlackElo "1552"]
[PlyCount "89"]
[EventDate "2015.??.??"]
[WhiteTeam "SC Buer-Hassel Königsspringer"]
[BlackTeam "SV Waltrop 1922"]

1. e4 c5 2. Nf3 d6 3. d4 cxd4 4. Nxd4 Nf6 5. Bd3 Nc6 6. Nxc6 bxc6 7. c4 g6 8.
O-O Bg7 9. Nc3 O-O 10. h3 Rb8 11. Rb1 Nd7 12. Qc2 Nc5 13. Be2 f5 14. f3 Bxc3
15. Qxc3 fxe4 16. b4 exf3 17. Bh6 Rf7 18. Rxf3 Ne4 19. Qd4 Nf6 20. Qxa7 Qb6+
21. Qxb6 Rxb6 22. Ra3 Bb7 23. Ra7 e5 24. a4 c5 25. b5 Be4 26. Rxf7 Kxf7 27. Rf1
Ke6 28. Bg5 Nd7 29. Re1 Rb8 30. Bg4+ Bf5 31. Bf3 Nf6 32. g4 Bd3 33. Bxf6 Kxf6
34. Bd5 e4 35. a5 Ke5 36. a6 Rf8 37. a7 Bxc4 38. a8=Q Rxa8 39. Bxa8 d5 40. b6
Kd6 41. Rd1 e3 42. Rxd5+ Bxd5 43. Bxd5 g5 44. Kf1 c4 45. Ke2 1-0

[Event "OHS 2015"]
[Site "?"]
[Date "2015.03.16"]
[Round "7.16"]
[White "Deutschmann, Jürgen"]
[Black "Mrowetz, Josef"]
[Result "1/2-1/2"]
[WhiteElo "1681"]
[BlackElo "1364"]
[PlyCount "89"]
[EventDate "2015.??.??"]
[WhiteTeam "SV Hattingen"]
[BlackTeam "SC Gerthe 46-Werne"]

1. d4 d5 2. c4 c6 3. Nc3 Nf6 4. cxd5 cxd5 5. e3 Nc6 6. a3 e6 7. Nf3 Be7 8. Bd3
O-O 9. b4 Bd7 10. O-O Rc8 11. Bb2 Re8 12. Qe2 a6 13. Ne5 Bd6 14. Nxd7 Nxd7 15.
Rfc1 Qh4 16. g3 Qd8 17. Na4 e5 18. Qg4 e4 19. Bf1 Nf6 20. Qe2 b5 21. Nc5 Bxc5
22. Rxc5 Ne7 23. Rac1 Qd6 24. Bh3 Rxc5 25. dxc5 Qc6 26. Bd4 Rd8 27. Qb2 Ne8 28.
Rf1 Qh6 29. Bg2 f5 30. f3 Nc6 31. fxe4 fxe4 32. Qf2 Nf6 33. Bxf6 gxf6 34. Rd1
Qg5 35. h4 Qe5 36. Kh2 Rf8 37. Qd2 Rd8 38. Qc2 f5 39. Bh3 Kf7 40. Kg2 Kf6 41.
Rf1 Ne7 42. c6 Rc8 43. Rc1 Qd6 44. c7 a5 45. Kf2 1/2-1/2

[Event "OHS 2015"]
[Site "?"]
[Date "2015.03.16"]
[Round "7.17"]
[White "Diekhans, Christoph"]
[Black "Bott, Michael"]
[Result "1-0"]
[WhiteElo "1591"]
[BlackElo "1528"]
[PlyCount "61"]
[EventDate "2015.??.??"]
[WhiteTeam "SV Unser Fritz Wanne-E"]
[BlackTeam "SV Günnigfeld 1922"]

1. Nf3 d5 2. b3 e6 3. Bb2 Nf6 4. e3 Be7 5. c4 Nbd7 6. a3 O-O 7. d4 b6 8. Bd3
Bb7 9. Nbd2 c5 10. O-O Re8 11. cxd5 exd5 12. Rc1 Rc8 13. a4 cxd4 14. Nxd4 Bb4
15. Bb5 Bxd2 16. Qxd2 Ne4 17. Qe2 g6 18. Nc6 Bxc6 19. Bxc6 Qe7 20. Bxd5 Ndc5
21. Bxe4 Nxe4 22. Bd4 Qa3 23. Rxc8 Rxc8 24. Qa6 Rc1 25. Qxa7 Rxf1+ 26. Kxf1
Qc1+ 27. Ke2 Qc2+ 28. Kf3 Ng5+ 29. Kg3 Qc8 30. f3 h5 31. Qxb6 1-0

[Event "OHS 2015"]
[Site "?"]
[Date "2015.03.16"]
[Round "7.18"]
[White "Diekhans, Georg"]
[Black "Lojack, Rouven"]
[Result "0-1"]
[WhiteElo "1310"]
[BlackElo "1430"]
[PlyCount "106"]
[EventDate "2015.??.??"]
[WhiteTeam "SV Unser Fritz Wanne-E"]
[BlackTeam "SV Königsspringer Haltern"]

1. e4 c5 2. c4 g6 3. Nf3 Bg7 4. h3 e6 5. Be2 Ne7 6. O-O O-O 7. d3 b6 8. Nbd2
Nbc6 9. a3 Bb7 10. Nh2 Nd4 11. Ndf3 Nxe2+ 12. Qxe2 Re8 13. Qc2 f5 14. Kh1 d5
15. Rd1 fxe4 16. dxe4 d4 17. Ng5 Nc6 18. Ngf3 Qf6 19. Ng4 Qf8 20. Rd3 h5 21.
Ngh2 Rad8 22. Qe2 Qd6 23. g3 Ne5 24. Nxe5 Qxe5 25. f3 Qxg3 26. Qg2 Qxg2+ 27.
Kxg2 Ba6 28. Bg5 Rd7 29. b3 b5 30. Rc1 bxc4 31. bxc4 Rb7 32. Nf1 Kh7 33. Nd2
Bh6 34. Bxh6 Kxh6 35. Kg3 e5 36. Nb3 Rc7 37. Nd2 g5 38. h4 Rg8 39. Kh2 Rcg7 40.
Rg1 Bc8 41. f4 gxf4 42. Rxg7 Rxg7 43. Rb3 Rg4 44. Nf3 Rg3 45. Rb8 Rxf3 46. Rxc8
Rxa3 47. Rh8+ Kg6 48. Rg8+ Kh7 49. Rg5 Ra2+ 50. Kg1 d3 51. Rxh5+ Kg6 52. Rxe5
d2 53. Rd5 Ra1+ 0-1

[Event "OHS 2015"]
[Site "?"]
[Date "2015.03.16"]
[Round "7.19"]
[White "Puchalla, Paul"]
[Black "Kümmel, Hans-Jürgen"]
[Result "1/2-1/2"]
[WhiteElo "1210"]
[BlackElo "1317"]
[PlyCount "100"]
[EventDate "2015.??.??"]
[WhiteTeam "SK Herne-Sodingen 1924"]
[BlackTeam "SG Höntrop 1947"]

1. d4 Nf6 2. Nc3 d5 3. Nf3 c6 4. Bg5 e6 5. e4 Be7 6. e5 Ne4 7. Nxe4 dxe4 8.
Bxe7 Qxe7 9. Nd2 Qb4 10. c3 Qxb2 11. Nxe4 O-O 12. Bc4 Qb6 13. Rb1 Qc7 14. O-O
b6 15. Qg4 Kh8 16. Bd3 Ba6 17. Rfd1 Bxd3 18. Rxd3 Qe7 19. Rg3 f5 20. exf6 gxf6
21. Qe2 Nd7 22. Re1 Rg8 23. Nd2 Rxg3 24. fxg3 Nf8 25. Qf3 Rc8 26. Re2 Qf7 27.
Ne4 Rc7 28. Nxf6 Nd7 29. Nxd7 Rxd7 30. Qxc6 e5 31. Qc8+ Kg7 32. Rxe5 Rc7 33.
Qg4+ Kh8 34. d5 Qg6 35. d6 Rd7 36. Qd4 Kg8 37. Qd5+ Kf8 38. Qa8+ Kg7 39. Re7+
Rxe7 40. dxe7 Qb1+ 41. Kf2 Qf5+ 42. Qf3 Qc5+ 43. Qe3 Qf5+ 44. Ke2 Qc2+ 45. Qd2
Qe4+ 46. Kd1 Qxe7 47. Kc2 Qe4+ 48. Kb2 Qe6 49. Qg5+ Kf7 50. Qf4+ Kg6 1/2-1/2